000 00821cam a22002174a 4500
999 _c57475
_d57475
001 15251637
005 20221107161722.0
008 080407s2009 enka b 001 0 eng
020 _a9781405169110 X
041 _aeng
080 _a616.3 T-42
245 0 0 _aTextbook of gastroenterology :
_cedited by Tadataka Yamada ; associate editors, David H. Alpers ... [et al.].
_bVolume 2 /
250 _a5th ed.
264 _aHoboken, NJ :
_bBlackwell Pub.,
_c2009.
300 _a2 v. (xxi, 3440, cxi p.) :
_bill. (some col.) ;
_c29 cm +
_e1 CD-ROM (4 3/4 in.)
653 _aმედიცინა
653 _aგასტროენტეროლოგია
700 1 _aYamada, Tadataka.
_eრედაქტორი
_98772
700 1 _aAlpers, David H.
_eრედაქტორი
_98773
942 _2udc
_cBK